Desarrollo de mentes y actitudes creativas /

El manejo inadecuado de las emociones y la utilización de la energía creativa en forma negativa produce pensamientos, creencias, actitudes y comportamientos que conducen a personas, familias y sociedades enteras hacia crisis de violencia, enojo, envidia y lucha por el poder. Para la autora, es una p...

Fuld beskrivelse

Bibliografiske detaljer
Hovedforfatter: Waisburd Jinich, Gilda (autor)
Format: Bog
Sprog:Spanish
Udgivet: México D.F.: Editorial Trillas, 2013.
Udgivelse:Primera edición.
Fag:

MARC

LEADER 00000nam a2200000 i 4500
003 Ucuenca
005 20230308230929.0
006 a||||gr|||| 001 0
007 ta
008 200115t20132013mx aaaa|r|||| 001 0 spa a
999 |c 158812  |d 158812 
020 |a 978-607-17-1631-6 
040 |a UCuenca-cdrjbv  |b spa  |c UCuenca  |e rda 
041 0 |a spa 
082 0 |2 22  |a 612.823 3  |c 30001466 
100 1 |a Waisburd Jinich, Gilda.  |e autor  |9 241617 
245 0 0 |a Desarrollo de mentes y actitudes creativas /   |c Gilda Waisburd. 
250 |a Primera edición. 
264 1 |a México D.F.:   |b Editorial Trillas,   |c 2013. 
264 4 |c ©2013 
300 |a 250 páginas  |b ilu  |c 24 cm 
336 |2 rdacontent  |a texto  |b txt 
337 |2 rdamedia  |a no mediado  |b n 
338 |2 rdacarrier  |a volumen  |b nc 
504 |a incl. bib. 
504 |a incl. ind. 
505 1 |a Desarrollo de mentes y actitudes creativas en la era de la incertidumbre -- Creatividad inteligente -- El arte de desarrollar el cerebro completo -- Las etapas del proceso creativo -- Bloqueadores enemigos de la creatividad -- Inteligencia emocional y creatividad inteligente una sinergia de la salud mental -- Habilidades del pensamiento creativo -- Solución creativa de problemas -- Característica de la personalidad creativa -- El coach-facilitador de procesos creativos -- Técnicas activador de creatividad -- La creatividad, un concepto filosófico en acción. Visión, misión y valores. 
520 3 |a El manejo inadecuado de las emociones y la utilización de la energía creativa en forma negativa produce pensamientos, creencias, actitudes y comportamientos que conducen a personas, familias y sociedades enteras hacia crisis de violencia, enojo, envidia y lucha por el poder. Para la autora, es una prioridad que los seres humanos recuperen su creatividad, por ello advierte la necesidad real de desarrollar una creatividad Inteligente mediante un proceso de concentración, activación, educación y re educación que genere una sinergia de cambio en niños, adolescentes y adultos en beneficio personal y de su comunidad.  
650 1 7 |2 UCuenca-cdrjbv   |9 52531  |a Neurociencia 
650 2 7 |2 UCuenca-cdrjbv  |a Pensamiento  |x creatividad  |9 241663 
650 1 7 |2 UCuenca-cdrjbv  |a Pedagogía  |9 248107 
942 |2 ddc  |c BK  |z margoth.maza@ucuenca.edu.ec